| 000 | 00840nam a22002657a 4500 | ||
|---|---|---|---|
| 999 |
_c15016 _d15016 |
||
| 003 | AR-CdUCM | ||
| 008 | 190425b ||||| |||| 00| 0 spa d | ||
| 020 | _a978-607-618-218-5 | ||
| 040 |
_aMUNICIPALIDAD PROVINCIAL DEL CUSCO _cBIBLIOTECA MUNICIPAL DEL CUSCO |
||
| 041 | _heng | ||
| 082 |
_aPI / 376.1 / _bP42 |
||
| 110 |
_aAdvanced Marketing _933636 |
||
| 245 |
_aPequeños Genios en acción : _b80 actividades / |
||
| 260 |
_aMéxico : _bSilver Dolphin, _c2014. |
||
| 300 |
_bilustraciones, _c23 cm. |
||
| 440 |
_aPequeños campeones. _932813 |
||
| 500 | _a5 - 6 años. | ||
| 650 |
_aLiteratura infantil _9588 |
||
| 650 |
_aAprendizaje infantil _933271 |
||
| 650 |
_aSiglo XXI _92856 |
||
| 700 |
_aQuiros, Gemma (traducción) _932959 |
||
| 710 |
_aAdvanced Marketing. _933636 |
||
| 942 |
_2ddc _cLIBROS |
||
| 945 |
_aachl _d2019-04-25 |
||